000 00585nam a2200217Ia 4500
003 OSt
005 20220928135530.0
006 a|||||r|||| 00| 0
007 ta
008 220927b |||||||| |||| 00| 0 eng d
024 _a2855
037 _cTextual
040 _aSDCL
_cSDCL
_beng
041 _2eng
_aeng
082 _aX:5148, L7
100 _aStanley Richard E
_9491286
245 0 _aPromotion
_b Advertising, publicity, personal selling, sales promotion
260 _c1977
942 _hX:5148, L7
_cTEXL
_2CC
999 _c806664
_d806664